000 00425nam a2200157Ia 4500
008 240729s9999 xx 000 0 und d
022 _a2279-2201
245 4 _aThe Sri Lanka Journal of Surgery
260 _aSri Lanka
260 _bThe College of Surgeons of Sri Lanka
650 _a Surgery
650 _aMedicine
856 _uhttps://doaj.org/toc/9f7d08efe28d4f59a4af18e867cbab4f
942 _2ddc
942 _cDOAJEJ
999 _c66625
_d66625
945 _a1
_bMadushi Gamage
_c1
_dMadushi Gamage